| 000 | 00432nam a22001817a 4500 | ||
|---|---|---|---|
| 005 | 20180704122655.0 | ||
| 008 | 160511b xxu||||| |||| 00| 0 eng d | ||
| 020 | _a978-0-07-059943-7 | ||
| 041 | _aeng | ||
| 082 |
_b1371 _a658.15 |
||
| 100 |
_aKhan, M.Y, Jain, P.K _9448 |
||
| 245 | _aBasic Financial Management | ||
| 250 | _a2nd ed. | ||
| 260 |
_aNew Delhi _bTMH |
||
| 300 | _a20.23p, | ||
| 650 |
_aManagement _9241 |
||
| 942 | _cBK | ||
| 999 |
_c599 _d599 |
||